| 000 | 00955nam a2200229 a 4500 | ||
|---|---|---|---|
| 003 | OSt | ||
| 005 | 20141030172832.0 | ||
| 008 | 141009s2014 sp |||| |||||0|| 0 spa|d | ||
| 020 | _a9788415174981 | ||
| 040 |
_bcat _cCDMR |
||
| 100 | 1 |
_aGuixà, Josep, _d1968- |
|
| 245 | 1 | 0 |
_aEspías de Franco _b: Josep Pla y Francesc Cambó : la red de espionaje contra la revolución en Cataluña _cJosep Guixà ; prólogo de Manuel Trallero |
| 260 |
_aMadrid _bFórcola _ccop. 2014 |
||
| 300 |
_a518 p. _c21 cm |
||
| 504 | _aInclou referències bibliogràfiques i índex | ||
| 600 | 1 | 7 |
_aPla, Josep _d1897-1981 _xActivitat política _2lemac _9827 |
| 600 | 1 | 7 |
_aCambó, Francesc _d1876-1947 _xActivitat política _2lemac _9852 |
| 610 | 2 | 4 | _aServicios de Información del Nordeste de España |
| 650 | 7 |
_aEspies _zCatalunya _xHistòria _y1936-1939, Guerra Civil _2lemac |
|
| 651 | 7 |
_aEspanya _xHistòria _y1936-1939, Guerra Civil _xServei d'intel·ligència _2lemac |
|
| 942 | _cMON | ||
| 999 |
_c6761 _d6761 |
||